Základy manažmentu rizík, krízového manažmentu a manažmentu zmien

Bibliographic Details
Main Authors: Tej, Juraj, 1958- (Author), Ali Taha, Viktória, 1977- (Author)
Format: Book
Language:Slovak
PhysicalDescription:149 strán schémy, tabuľky 23 cm
Published: Prešov Bookman, s.r.o. 2024
ISBN:9788081655456
Subjects:

MARC

LEADER 00000cam a2200000 4500
001 vtls012253510
003 SK-MaSNL
005 20260301030236.0
008 240325s2024 xo l frnp 000 0 slo
015 |a SNBA2024/05 
020 |a 9788081655456  |q (brožované) 
040 |a SNK  |b slo  |c SNK  |e rda 
041 0 |a slo 
044 |a xo  |c SK 
072 7 |a 005  |x Manažment. Riadenie  |2 konspekt 
072 7 |a 37.016  |x Učebné osnovy. Vyučovacie predmety. Učebnice  |2 konspekt 
080 |a 005.334:005.332.3  |2 2011 
080 |a 005.931  |2 2011 
080 |a 005.591  |2 2011 
080 |a (075.8)  |2 2011 
100 1 |a Tej, Juraj,  |d 1958-  |4 aut  |9 8224 
245 1 0 |a Základy manažmentu rizík, krízového manažmentu a manažmentu zmien  |c Juraj Tej, Viktória Ali Taha 
264 1 |a Prešov  |b Bookman, s.r.o.  |c 2024 
300 |a 149 strán  |b schémy, tabuľky  |c 23 cm 
336 |a text  |b txt  |2 rdacontent 
337 |a bez média  |b n  |2 rdamedia 
338 |a zväzok  |b nc  |2 rdacarrier 
500 |a Obsahuje zoznam obrázkov a tabuliek 
504 |a Obsahuje bibliografiu na strane 141-149 a bibliografické odkazy 
650 0 7 |a manažment rizika  |2 SNKPH  |9 4289 
650 0 7 |a krízový manažment  |2 SNKPH  |9 4171 
650 0 7 |a manažment zmeny  |2 SNKPH  |9 934 
650 0 7 |a Risk management  |2 SNKPHeng  |9 282385 
650 0 7 |a Crisis management  |2 SNKPHeng  |9 268286 
650 0 7 |a Management of change  |2 SNKPHeng  |9 323749 
655 7 |a učebnice vysokých škôl  |2 SNKPH  |9 70191 
655 7 |a Textbooks (higher)  |2 SNKPHeng  |9 276436 
700 1 |a Ali Taha, Viktória,  |d 1977-  |4 aut  |9 237753 
710 2 |a Prešovská univerzita v Prešove.  |b Fakulta manažmentu, ekonomiky a obchodu  |4 pbl  |9 215979 
852 |a Slovenská národná knižnica 
919 |a 978-80-8165-545-6 
954 |a odborná, vedecká literatúra pôvodná (slovenská)  |2 lita 
958 |a NB 
999 |c 574039  |d 575969 
952 |a SNK  |b SNK  |y PREZ  |7 0  |p 17A1546770  |o snkSC 206104  |i snk2024/6616  |8 0  |0 0  |1 0  |4 0  |d 2024-04-25  |l 0  |r 2025-10-29 00:00:00  |w 2026-02-23 
952 |a SNK  |b SNK  |y VYP  |7 0  |p 17A1546771  |o snkSC 206104 D1  |i snk2024/6617  |8 3  |g 9.90  |0 0  |1 0  |4 0  |d 2024-04-25  |l 1  |m 1  |r 2026-04-10 10:59:04  |s 2026-02-28  |w 2026-02-23